| 000 | 00350nam a22001457a 4500 | ||
|---|---|---|---|
| 020 | _a81-8204-055-8 | ||
| 082 |
_a647.01 _bNEG |
||
| 100 | _aNEGI, JAGMOHAN | ||
| 245 | _aPROJECT REPORT PREPARATION | ||
| 260 |
_aDELHI _bAMAN PUBLISHER _c2010 |
||
| 300 | _a292 | ||
| 650 | _aHOTEL MANAGEMENT | ||
| 653 | _aPROJECT, REPORT,PREPARATION | ||
| 942 |
_2ddc _cBK |
||
| 999 |
_c8086 _d8086 |
||